Statystyki dla Stadiony klubów La Ligi w sezonie 2020/21.

Kliknij tutaj aby rozwiązać quiz!

Ogólne statystyki

  • Ten quiz został rozwiązany 45 razy
  • Średni wynik to 6 z 20

Statystyki odpowiedzi

KlubPiłkarz% Poprawnych
FC BarcelonaCamp Nou
100%
Real MadrytSantiago Bernabeu
100%
Atlético MadrytWanda Metropolitano
79%
Athletic BilbaoSan Mames
60%
ValenciaMestalla
53%
SevillaRamon Sanchez Pizjuan
53%
Real BetisBenito Villamarin
37%
Real SociedadAnoeta
33%
Celta VigoBalaidos
28%
GetafeColiseum Alfonso Perez
19%
VillarrealLa Ceramica
19%
LevanteCiutat de Valencia
12%
OsasunaEl Sadar
12%
EibarIpurua
12%
GranadaNuevo Los Carmenes
12%
AlavesMendizorrotza
9%
HuescaEl Alcoraz
2%
Real ValladolidEstadio Nuevo Jose Zorrilla
2%
ElcheManuel Martinez Valero
2%
CadizRamon de Carranza
2%

Rozkład punktacji

Percentyl według liczby udzielonych odpowiedzi

Procent ludzi z każdym wynikiem

Twoja historia wyników

Nie rozwiązałeś tego quizu